000 01774nam0a2200385 4500
001 RU\NLR\BIBL_A\012475314
005 20210624125004.0
010 _a978-5-9966-1450-9
_95000
021 _aRU
_bКН-П-20-070268
_9КН-П-20-5283
035 _a(NLR Aleph) 012475314
035 _a(RuMoRGB)010471721
090 _a12101040
_c12101040
100 _a20210315d2020 u y0rusy50 ca
101 0 _arus
102 _aRU
105 _aa|||g|||000zy
181 0 _ai
_baxxe
182 0 _an
200 1 _aИстория
_eбольшой справочник для подготовки к ЕГЭ и ОГЭ
_eсправочное пособие
_e[все темы ЕГЭ, словари понятий и персоналий, хронологические таблицы, словарь международных договоров России]
_fН. И. Крамаров
203 _aТекст
_bвизуальный
_cнепосредственный
205 _aИзд. 5-е, перераб.
210 _aРостов-на-Дону
_cЛегион
_d2020
215 _a447, [1] с.
_cтабл.
_d21
225 1 _aЕГЭ и ОГЭ
300 _aНа обл.: ЕГЭ и ОГЭ: История: большой справочник
320 _aБиблиогр. в конце кн. (8 назв.)
512 1 _aЕГЭ и ОГЭ
_eИстория
_eбольшой справочник
607 _aРоссия
_xИстория
_jСправочники для школьников
_2nlr_sh1
_2nlr_sh2
_3RU\NLR\AUTH\66979780
686 1 _aТ3(2)я2
700 1 _aКрамаров
_bН. И.
_gНиколай Иванович
942 _cBOOK
980 _aNBR
980 _aNB